[Event "U.S. Open"]
[Site "St. Paul, Minn."]
[Date "1982.08.16"]
[Round "8"]
[White "Moody, David"]
[Black "Davis, Walter"]
[Result "1-0"]
[WhiteElo "2049"]
[BlackElo "1510"]
[PlyCount "47"]
[EventDate "1982.08.08"]

1. e4 c5 2. Nf3 d6 3. d4 cxd4 4. Nxd4 Nf6 5. Nc3 g6 6. Be3 Bg7 7. f3 Nc6 8. Qd2
O-O 9. Bc4 Bd7 10. O-O-O Rc8 11. h4 h5 12. Bb3 Na5 13. Bh6 Nxb3+ 14. axb3 Qa5
15. Kb1 e5 16. Nde2 Rc6 17. Rdg1 Be6 18. g4 d5 19. gxh5 Nxh5 20. Qg5 Rfc8 21.
Bxg7 d4 22. Nxd4 Rxc3 23. Nxe6 Rxc2 24. Bxe5 1-0

[Event "U.S. Open"]
[Site "St. Paul, Minn."]
[Date "1982.08.17"]
[Round "9"]
[White "Barth, Jeff"]
[Black "Moody, David"]
[Result "1/2-1/2"]
[WhiteElo "1697"]
[BlackElo "2049"]
[PlyCount "31"]
[EventDate "1982.08.08"]

1. e4 e5 2. Nf3 Nc6 3. Bb5 a6 4. Ba4 Nf6 5. d3 d6 6. c3 Be7 7. Nbd2 O-O 8. h3
b5 9. Bc2 Re8 10. Nf1 Bf8 11. Bg5 h6 12. Bh4 g5 13. Nxg5 hxg5 14. Bxg5 Be7 15.
Bb3 Nh7 16. h4 1/2-1/2

[Event "U.S. Open"]
[Site "St. Paul, Minn."]
[Date "1982.08.18"]
[Round "10"]
[White "Moody, David"]
[Black "Kramer, Steve"]
[Result "1-0"]
[WhiteElo "2049"]
[BlackElo "1672"]
[PlyCount "61"]
[EventDate "1982.08.08"]

1. e4 e5 2. Nf3 Nf6 3. Nxe5 d6 4. Nf3 Nxe4 5. Nc3 Nxc3 6. dxc3 Nc6 7. Bd3 Bg4
8. Bf4 Qe7+ 9. Kd2 O-O-O 10. Re1 Ne5 11. h3 Nxf3+ 12. gxf3 Be6 13. Bf5 Qd7 14.
Bxe6 fxe6 15. Qe2 Re8 16. Rad1 e5 17. Kc1 Qxh3 18. Qb5 Be7 19. Bg3 Qf5 20. f4
c6 21. Qa5 b6 22. Qxa7 exf4 23. Qa8+ Kd7 24. Qb7+ Kd8 25. Qxb6+ Kd7 26. Qb7+
Kd8 27. Rxe7 Rxe7 28. Bh4 g5 29. Bxg5 Qxg5 30. Qb8+ Kd7 31. Rxd6# 1-0

[Event "Wednesday Quad"]
[Site "St. Paul, Minn."]
[Date "1982.08.18"]
[Round "3"]
[White "Moody, David"]
[Black "Finegold, Ben"]
[Result "0-1"]
[WhiteElo "2049"]
[BlackElo "2085"]
[PlyCount "96"]
[EventDate "1982.08.18"]

1. e4 e6 2. d3 d5 3. Nd2 Nc6 4. Ngf3 Nf6 5. g3 Bc5 6. Bg2 O-O 7. O-O a5 8. Re1
b6 9. Nf1 dxe4 10. Ng5 Bb7 11. Nxe4 Nxe4 12. Bxe4 Qf6 13. Ne3 Rab8 14. Ng4 Qe7
15. Nh6+ gxh6 16. Bxh6 Qf6 17. Qh5 Bxf2+ 18. Kg2 Bd4 19. Rf1 Qe5 20. Qg4+ Kh8
21. Bxf8 Rxf8 22. Qh4 f5 23. Rae1 Qf6 24. Qh5 Qg6 25. Qe2 Bf6 26. Bf3 e5 27.
Bh5 Nd4+ 28. Kh3 Qh6 29. Qd1 Bf3 30. Rxf3 Qxh5+ 31. Kg2 Nxf3 32. Qxf3 Qxf3+ 33.
Kxf3 Rd8 34. b3 a4 35. bxa4 Ra8 36. g4 Rxa4 37. gxf5 Rxa2 38. Rc1 Ra4 39. c4
Ra2 40. h3 Rd2 41. Ke4 Kg7 42. Rg1+ Kf7 43. Rg3 c6 44. h4 b5 45. cxb5 cxb5 46.
Rg1 Rh2 47. Rb1 b4 48. d4 Rxh4+ 0-1

[Event "Wednesday Quad"]
[Site "St. Paul, Minn."]
[Date "1982.08.18"]
[Round "1"]
[White "Longen, Joe"]
[Black "Moody, David"]
[Result "1-0"]
[WhiteElo "1905"]
[BlackElo "2049"]
[PlyCount "33"]
[EventDate "1982.08.18"]

1. e4 e5 2. Nf3 Nc6 3. d4 exd4 4. Nxd4 Nf6 5. Nxc6 bxc6 6. Bd3 Bc5 7. e5 Qe7 8.
O-O Nd5 9. c4 Nb6 10. a3 O-O 11. b4 Bd4 12. Bxh7+ Kxh7 13. Qxd4 Ba6 14. Nd2 d5
15. exd6 cxd6 16. Bb2 Qe5 17. Qh4+ 1-0

[Event "Wednesday Quad"]
[Site "St. Paul, Minn."]
[Date "1982.08.18"]
[Round "2"]
[White "Eckert, Doug"]
[Black "Moody, David"]
[Result "1-0"]
[WhiteElo "2138"]
[BlackElo "2049"]
[PlyCount "55"]
[EventDate "1982.08.18"]

1. d4 Nf6 2. c4 c5 3. d5 e6 4. Nc3 exd5 5. cxd5 d6 6. e4 g6 7. Nf3 Bg7 8. Be2
O-O 9. O-O Bg4 10. Nd2 Bxe2 11. Qxe2 Nbd7 12. a4 Re8 13. Kh1 a6 14. f3 b5 15.
axb5 axb5 16. Rxa8 Qxa8 17. Qxb5 Ne5 18. Qe2 Ned7 19. Nc4 Nxd5 20. Nxd5 Qxd5
21. Rd1 Qc6 22. Rxd6 Qb5 23. Qd3 Ra8 24. Rxd7 Ra1 25. Rd8+ Bf8 26. Qc2 Qb4 27.
Rd1 Bh6 28. h3 1-0

[Event "U.S. Open"]
[Site "St. Paul, Minn."]
[Date "1982.08.19"]
[Round "11"]
[White "Abramovich, Igor"]
[Black "Moody, David"]
[Result "1-0"]
[WhiteElo "1762"]
[BlackElo "2049"]
[PlyCount "57"]
[EventDate "1982.08.08"]

1. e4 e5 2. d4 exd4 3. c3 d3 4. Bxd3 Bc5 5. Nf3 Nc6 6. O-O d6 7. Bg5 Nge7 8.
Nbd2 Be6 9. Qc2 Qd7 10. a4 a5 11. Bb5 O-O-O 12. Bxc6 bxc6 13. Qd3 h6 14. Bxe7
Qxe7 15. Rfb1 g5 16. b4 Bb6 17. bxa5 Bc5 18. a6 g4 19. Nd4 Bxd4 20. cxd4 d5 21.
e5 Qg5 22. a7 Kd7 23. Rb7 Bf5 24. Qc3 h5 25. Qa5 Rc8 26. a8=Q Rxa8 27. Qxc7+
Ke8 28. Qxf7+ Kd8 29. e6 1-0

[Event "U.S. Open"]
[Site "St. Paul, Minn."]
[Date "1982.08.20"]
[Round "12"]
[White "Moody, David"]
[Black "Schermann, Jon"]
[Result "0-1"]
[WhiteElo "2049"]
[BlackElo "1709"]
[PlyCount "24"]
[EventDate "1982.08.08"]

1. e4 c6 2. d3 d5 3. Nd2 dxe4 4. dxe4 e5 5. Ngf3 Bg4 6. Bc4 Bc5 7. Bxf7+ Kf8 8.
Bxg8 Kxg8 9. c3 Qe7 10. Nc4 Nd7 11. Bg5 Qf7 12. Ncxe5 Nxe5 0-1

[Event "Michigan Open"]
[Site "East Lansing, Mich."]
[Date "1982.09.03"]
[Round "1"]
[White "Moody, David"]
[Black "Smith, Les LeRoy"]
[Result "1-0"]
[WhiteElo "2085"]
[BlackElo "1855"]
[PlyCount "29"]
[EventDate "1982.09.03"]

1. e4 e5 2. Bc4 f5 3. Nf3 fxe4 4. Nxe5 Qg5 5. d4 Qxg2 6. Qh5+ g6 7. Bf7+ Kd8 8.
Bxg6 Qxh1+ 9. Ke2 Qxc1 10. Nf7+ Ke8 11. Nxh8+ Kd8 12. Qf5 Qxc2+ 13. Nd2 Be7 14.
Qf7 Nf6 15. Qe8+ 1-0

[Event "Michigan Open"]
[Site "East Lansing, Mich."]
[Date "1982.09.04"]
[Round "3"]
[White "Moody, David"]
[Black "Ward, Tim"]
[Result "1-0"]
[WhiteElo "2085"]
[BlackElo "1903"]
[PlyCount "39"]
[EventDate "1982.09.03"]

1. e4 e6 2. d3 d5 3. Nd2 Nc6 4. g3 b6 5. Bg2 Bb7 6. Ngf3 Nf6 7. O-O dxe4 8.
dxe4 Qd7 9. c3 Bd6 10. Qe2 e5 11. Rd1 O-O 12. Nc4 Qe7 13. Nh4 Rfd8 14. Bg5 h6
15. Nf5 Qf8 16. Nxh6+ gxh6 17. Bxf6 Ne7 18. Qh5 Ng6 19. Bxd8 Rxd8 20. Ne3 1-0

[Event "Michigan Open"]
[Site "East Lansing, Mich."]
[Date "1982.09.04"]
[Round "2"]
[White "Fricko, Frank"]
[Black "Moody, David"]
[Result "1-0"]
[WhiteElo "1965"]
[BlackElo "2085"]
[PlyCount "73"]
[EventDate "1982.09.03"]

1. Nf3 d6 2. d4 Bg4 3. e4 Nd7 4. Nc3 c6 5. h3 Bxf3 6. Qxf3 Ngf6 7. Be3 g6 8.
Bc4 Bg7 9. g4 O-O 10. h4 Qc8 11. h5 Nb6 12. Be2 Qe6 13. hxg6 fxg6 14. Qg2 Nc4
15. Bh6 d5 16. Bxg7 Kxg7 17. e5 Nd7 18. Qh2 Rh8 19. b3 Ncb6 20. O-O-O c5 21.
dxc5 Nxc5 22. f4 Rac8 23. f5 Qc6 24. Qh6+ Kg8 25. fxg6 Nxb3+ 26. axb3 Qxc3 27.
gxh7+ Kf7 28. Rhf1+ Ke8 29. Bb5+ Kd8 30. Rf8+ Kc7 31. Rxh8 Rxh8 32. Qg7 d4 33.
Qxe7+ Kc8 34. Qe6+ Kc7 35. Qd6+ Kc8 36. Bd3 Nc4 37. Bf5# 1-0

[Event "Michigan Open"]
[Site "East Lansing, Mich."]
[Date "1982.09.05"]
[Round "4"]
[White "Vandivier, Don"]
[Black "Moody, David"]
[Result "1-0"]
[WhiteElo "2018"]
[BlackElo "2085"]
[PlyCount "73"]
[EventDate "1982.09.03"]

1. e4 e5 2. Bc4 Nf6 3. Nf3 Nc6 4. d4 exd4 5. e5 d5 6. Bb5 Ne4 7. Nxd4 Bc5 8.
Nxc6 Bxf2+ 9. Kf1 bxc6 10. Bxc6+ Kf8 11. Qd3 Qh4 12. Bxa8 Bc5 13. Be3 Ba6 14.
Qxa6 Bxe3 15. Qc8+ Ke7 16. Qxc7+ Ke6 17. Bxd5+ Kxd5 18. Nc3+ Nxc3 19. Qd6+ Ke4
20. Qd3+ Kxe5 21. Qxc3+ Bd4 22. Re1+ Kd5 23. Qa5+ Kc6 24. Qa4+ Kc7 25. Qc4+ Kb8
26. Qb5+ Kc7 27. Qf5 Rd8 28. g3 Qh6 29. Kg2 Qc6+ 30. Qe4 Bxb2 31. Rhf1 Rd2+ 32.
Rf2 Rxf2+ 33. Kxf2 Qc5+ 34. Kf3 Qa3+ 35. Re3 Qxa2 36. Qe7+ Kc8 37. Rd3 1-0

[Event "Michigan Open"]
[Site "East Lansing, Mich."]
[Date "1982.09.05"]
[Round "5"]
[White "Moody, David"]
[Black "Zacks, Naum"]
[Result "1-0"]
[WhiteElo "2085"]
[BlackElo "1885"]
[PlyCount "129"]
[EventDate "1982.09.03"]

1. e4 d6 2. d4 g6 3. Nf3 Bg7 4. Bc4 Nf6 5. Nc3 O-O 6. Bg5 c6 7. Qe2 b5 8. Bb3
a5 9. e5 a4 10. exf6 exf6 11. Be3 axb3 12. cxb3 b4 13. Na4 Re8 14. Qd2 Bg4 15.
Qxb4 f5 16. O-O Bxf3 17. gxf3 Qf6 18. Qd2 Qh4 19. Bg5 Qh3 20. Rfe1 Nd7 21. Qc3
h6 22. Qxc6 hxg5 23. Qxd7 Red8 24. Qb7 Bxd4 25. f4 gxf4 26. Qg2 Qh5 27. Nc3 f3
28. Qh1 Qg4+ 29. Kf1 Qh3+ 30. Kg1 Kg7 31. Rad1 Be5 32. Rd3 Re8 33. Ree3 Bf4 34.
Qxf3 Bxh2+ 35. Kh1 Bg3+ 36. Kg1 Qh2+ 37. Kf1 f4 38. Rxe8 Rxe8 39. fxg3 Qh3+ 40.
Kf2 Qh2+ 41. Qg2 fxg3+ 42. Rxg3 Qh4 43. Kf1 Re5 44. Ne2 Rf5+ 45. Rf3 Rc5 46.
Qg3 Qh1+ 47. Kf2 Re5 48. Ng1 Qh8 49. Qf4 f5 50. Rh3 Qe8 51. Qh6+ Kf7 52. Qh8
Qxh8 53. Rxh8 Rc5 54. Rh2 g5 55. Kg3 Kg6 56. Nf3 g4 57. Nh4+ Kg5 58. Rf2 Rd5
59. Rxf5+ Rxf5 60. Nxf5 Kxf5 61. b4 d5 62. b5 d4 63. b6 d3 64. b7 d2 65. b8=Q
1-0

[Event "Michigan Open"]
[Site "East Lansing, Mich."]
[Date "1982.09.06"]
[Round "7"]
[White "Moody, David"]
[Black "Koster, Ed"]
[Result "1/2-1/2"]
[WhiteElo "2085"]
[BlackElo "2010"]
[PlyCount "22"]
[EventDate "1982.09.03"]

1. e4 e5 2. f4 exf4 3. Nf3 d5 4. exd5 Nf6 5. Bc4 Nxd5 6. O-O Be6 7. Qe2 Nc6 8.
d4 Be7 9. Nc3 Nxc3 10. bxc3 Bxc4 11. Qxc4 O-O 1/2-1/2

[Event "Michigan Open"]
[Site "East Lansing, Mich."]
[Date "1982.09.06"]
[Round "6"]
[White "Bohley, Don"]
[Black "Moody, David"]
[Result "1/2-1/2"]
[WhiteElo "2009"]
[BlackElo "2085"]
[PlyCount "83"]
[EventDate "1982.09.03"]

1. e4 e5 2. c3 d5 3. Nf3 Nf6 4. Nxe5 Nxe4 5. d4 Bd6 6. Bd3 O-O 7. O-O Bxe5 8.
dxe5 Nc6 9. f4 Qe7 10. Bxe4 dxe4 11. Be3 Be6 12. Qa4 f5 13. exf6 Qxf6 14. Nd2
Qg6 15. Nxe4 Rae8 16. Ng3 h5 17. Bc5 h4 18. f5 Bxf5 19. Qxh4 Rf6 20. Rxf5 Rxf5
21. Nxf5 Qxf5 22. Qc4+ Kh8 23. Rf1 Qc2 24. Qf7 Rd8 25. Qb3 Qxb3 26. axb3 Rd2
27. Rb1 b6 28. Be3 Re2 29. Bf4 Na5 30. b4 Nc4 31. b3 Nd2 32. Bxd2 Rxd2 33. Ra1
Rd3 34. c4 Rxb3 35. Rxa7 Rxb4 36. Rxc7 b5 37. c5 Rc4 38. c6 b4 39. Rc8+ Kh7 40.
c7 b3 41. Rb8 Rxc7 42. Rxb3 1/2-1/2

[Event "23rd UMD Tornado"]
[Site "Dearborn, Mich."]
[Date "1982.09.25"]
[Round "3"]
[White "Moody, David"]
[Black "Palmer, Tony"]
[Result "1-0"]
[WhiteElo "2085"]
[BlackElo "1451"]
[PlyCount "111"]
[EventDate "1982.09.25"]

1. e4 e5 2. Nf3 Nc6 3. d4 exd4 4. Bc4 Nf6 5. O-O Be7 6. Re1 d6 7. Nxd4 Ne5 8.
Bb3 O-O 9. h3 Re8 10. f4 Ng6 11. e5 dxe5 12. fxe5 Bc5 13. c3 Rxe5 14. Rxe5 Nxe5
15. Qe2 Bxd4+ 16. cxd4 Qxd4+ 17. Be3 Qd3 18. Qf2 Qf5 19. Qd2 Be6 20. Nc3 Nc4
21. Bxc4 Bxc4 22. Rd1 h6 23. b3 Be6 24. Rf1 Qa5 25. Bxh6 gxh6 26. Rxf6 Qg5 27.
Qxg5+ hxg5 28. Ne4 Kg7 29. Rf1 Kh6 30. Rf6+ Kg7 31. Rf1 Rg8 32. Nxg5 Kg6 33.
Nxe6 fxe6 34. g4 Rd8 35. Kg2 Rd2+ 36. Rf2 Rd3 37. Rf3 Rd2+ 38. Rf2 Rd4 39. a4
Kg5 40. Kg3 Rd3+ 41. Rf3 Rd4 42. Rf4 c5 43. Rf3 c4 44. bxc4 Rxc4 45. h4+ Kg6
46. Rf4 Rc3+ 47. Kf2 Rc2+ 48. Kf3 Rc3+ 49. Ke4 Rc5 50. g5 Ra5 51. Rf6+ Kh5 52.
Rh6+ Kg4 53. g6 Rxa4+ 54. Ke5 Kh3 55. g7 Rg4 56. Kf6 1-0

[Event "23rd UMD Tornado"]
[Site "Dearborn, Mich."]
[Date "1982.09.25"]
[Round "2"]
[White "Moody, David"]
[Black "Bostic, Donald"]
[Result "1-0"]
[WhiteElo "2085"]
[BlackElo "1560"]
[PlyCount "47"]
[EventDate "1982.09.25"]

1. e4 c5 2. Nf3 d6 3. d3 Nc6 4. c3 Nf6 5. g3 Bg4 6. Bg2 e6 7. O-O Be7 8. Qe2
Qc7 9. Bf4 e5 10. Bg5 h6 11. Bxf6 Bxf6 12. Na3 a6 13. Nc2 Ne7 14. Ne3 Be6 15.
Rfd1 b5 16. d4 exd4 17. cxd4 cxd4 18. Nxd4 Bxd4 19. Rxd4 Nc6 20. Rd2 Rc8 21.
Rad1 Bxa2 22. Rxd6 O-O 23. Nf5 Be6 24. Rxc6 1-0

[Event "23rd UMD Tornado"]
[Site "Dearborn, Mich."]
[Date "1982.09.25"]
[Round "1"]
[White "Bemben, Robert"]
[Black "Moody, David"]
[Result "1/2-1/2"]
[WhiteElo "1706"]
[BlackElo "2085"]
[PlyCount "81"]
[EventDate "1982.09.25"]

1. d4 Nf6 2. c4 c5 3. d5 e6 4. Nc3 exd5 5. cxd5 d6 6. e4 g6 7. Be2 Bg7 8. Nf3
O-O 9. O-O Re8 10. Nd2 Na6 11. Bxa6 bxa6 12. Re1 Ng4 13. h3 Ne5 14. f4 Nd3 15.
Rf1 Bd4+ 16. Kh2 Rb8 17. Qa4 Nb4 18. Qd1 a5 19. Nf3 Ba6 20. Rh1 Bg7 21. Ne1 Bc4
22. a3 Na6 23. Qc2 Bb3 24. Qe2 c4 25. Nf3 Nc5 26. Nd2 Bc2 27. Qxc4 Bd3 28. Qa2
Nxe4 29. Ndxe4 Bxe4 30. Re1 Bc2 31. Be3 Bb3 32. Qb1 a6 33. Qc1 Qc7 34. Qd2 Qb7
35. Bd4 Rec8 36. Bxg7 Kxg7 37. Qd4+ Kg8 38. Re3 Qb6 39. Qxb6 Rxb6 40. Rae1 Rc5
41. Rd3 1/2-1/2

[Event "23rd UMD Tornado"]
[Site "Dearborn, Mich."]
[Date "1982.09.25"]
[Round "4"]
[White "Alson, Jeff"]
[Black "Moody, David"]
[Result "1-0"]
[WhiteElo "1959"]
[BlackElo "2085"]
[PlyCount "47"]
[EventDate "1982.09.25"]

1. e4 e5 2. Nf3 Nc6 3. Bb5 a6 4. Bxc6 dxc6 5. O-O Qd6 6. d3 Bd7 7. Be3 O-O-O 8.
Nbd2 Nh6 9. Nc4 Qe7 10. Ncxe5 Bg4 11. Nxg4 Nxg4 12. Qe2 f6 13. Rab1 g5 14. Bd2
h5 15. b4 Qh7 16. a4 Bd6 17. b5 Rdg8 18. bxc6 bxc6 19. d4 h4 20. e5 fxe5 21.
Nxe5 Nxh2 22. Rb8+ Kxb8 23. Qxa6 Nf3+ 24. gxf3 1-0

[Event "Men's Tournament"]
[Site "East Lansing, Mich."]
[Date "1982.10.02"]
[Round "2"]
[White "Moody, David"]
[Black "Mason, Donald"]
[Result "1/2-1/2"]
[WhiteElo "2085"]
[BlackElo "1846"]
[PlyCount "34"]
[EventDate "1982.10.02"]

1. Nc3 d5 2. e4 d4 3. Nce2 e5 4. Ng3 Nf6 5. Bc4 Nc6 6. Nf3 Bd6 7. d3 Bg4 8. h3
Bb4+ 9. Bd2 Bxf3 10. Qxf3 Bxd2+ 11. Kxd2 g6 12. h4 Qe7 13. h5 O-O-O 14. Rh3
Qb4+ 15. Ke2 Qxb2 16. Rah1 Qxc2+ 17. Ke1 Qc3+ 1/2-1/2

[Event "Men's Tournament"]
[Site "East Lansing, Mich."]
[Date "1982.10.02"]
[Round "1"]
[White "Bell, J. R.."]
[Black "Moody, David"]
[Result "0-1"]
[WhiteElo "1570"]
[BlackElo "2085"]
[PlyCount "76"]
[EventDate "1982.10.02"]

1. e4 e5 2. Nf3 Nc6 3. d4 exd4 4. Nxd4 Qh4 5. Nxc6 Qxe4+ 6. Qe2 Qxe2+ 7. Bxe2
bxc6 8. O-O Nf6 9. Nc3 Bb4 10. Bf4 d6 11. Bf3 Bd7 12. Rfe1+ Kd8 13. Bg5 Bxc3
14. bxc3 Rb8 15. h3 Re8 16. Be4 h6 17. Bxf6+ gxf6 18. Bd3 Rb2 19. Rxe8+ Kxe8
20. Kf1 Be6 21. a4 c5 22. c4 Rb4 23. Ke2 Bxc4 24. Bxc4 Rxc4 25. Kd3 Rb4 26. a5
Kd7 27. g3 c4+ 28. Kc3 c5 29. f4 d5 30. Rd1 Kc6 31. Re1 d4+ 32. Kd2 Rb2 33. Re7
d3 34. Rxf7 Rxc2+ 35. Kd1 c3 36. Rxf6+ Kd5 37. Rf8 Ra2 38. f5 Ra1# 0-1

[Event "Men's Tournament"]
[Site "East Lansing, Mich."]
[Date "1982.10.03"]
[Round "4"]
[White "Moody, David"]
[Black "Laren, Phil"]
[Result "0-1"]
[WhiteElo "2085"]
[BlackElo "2098"]
[PlyCount "80"]
[EventDate "1982.10.02"]

1. e4 e6 2. Qe2 c5 3. Nf3 Nc6 4. g3 g6 5. d3 Bg7 6. Nbd2 Nge7 7. Bg2 O-O 8. O-O
d5 9. c3 b6 10. Re1 Bb7 11. Nf1 Qd7 12. Bf4 Rfd8 13. Rad1 d4 14. c4 e5 15. Bd2
a6 16. h4 h5 17. Ng5 Rdb8 18. Bh3 Qe8 19. g4 hxg4 20. Bxg4 Bc8 21. Ng3 b5 22.
h5 bxc4 23. dxc4 d3 24. Qf3 Nd4 25. Qh1 Bxg4 26. hxg6 Nxg6 27. f3 Bd7 28. Qh7+
Kf8 29. Nh5 Bh8 30. Rf1 Ke7 31. f4 Qg8 32. fxe5 Qxh7 33. Nxh7 Nxe5 34. Bg5+ Kd6
35. Bf4 Ne2+ 36. Kh1 Nxf4 37. Nxf4 Rxb2 38. Nxd3 Nxd3 39. Rxd3+ Ke7 40. Ng5 f6
0-1

[Event "Men's Tournament"]
[Site "East Lansing, Mich."]
[Date "1982.10.03"]
[Round "3"]
[White "Bagherabadi, Mohammed"]
[Black "Moody, David"]
[Result "0-1"]
[WhiteElo "1762"]
[BlackElo "2085"]
[PlyCount "104"]
[EventDate "1982.10.02"]

1. d4 Nf6 2. Nc3 e6 3. e4 d5 4. e5 Nfd7 5. Bd3 c5 6. Be3 Nc6 7. Nf3 cxd4 8.
Bxd4 Nxd4 9. Nxd4 Nxe5 10. Bb5+ Bd7 11. Bxd7+ Nxd7 12. O-O Bb4 13. Qd3 a6 14.
Rfe1 O-O 15. a3 Nc5 16. Qf3 Bxc3 17. Qxc3 Ne4 18. Qd3 Qb6 19. b3 e5 20. Nf3
Nxf2 21. Qe3 Qxe3 22. Rxe3 Ng4 23. Re2 f6 24. h3 Nh6 25. c3 Rac8 26. Rc1 Rc5
27. g4 Rfc8 28. Rec2 b5 29. b4 R5c6 30. Nd2 Nf7 31. Nb3 Ng5 32. Kg2 Ne4 33. a4
bxa4 34. Nc5 Nxc5 35. bxc5 Rxc5 36. Kf3 Rc4 37. Ke2 d4 38. Ra2 Rxc3 39. Rca1
Rc2+ 40. Rxc2 Rxc2+ 41. Kd3 Rc3+ 42. Kd2 a3 43. h4 Rh3 44. g5 e4 45. Kc2 Rh2+
46. Kb3 a2 47. gxf6 gxf6 48. Rf1 e3 49. h5 Rf2 50. Re1 e2 51. Kxa2 d3 52. h6
Rf1 0-1

[Event "Region V Open"]
[Site "Kalamazoo, Mich."]
[Date "1982.10.09"]
[Round "1"]
[White "Smith, Les LeRoy"]
[Black "Moody, David"]
[Result "0-1"]
[WhiteElo "1841"]
[BlackElo "2085"]
[PlyCount "88"]
[EventDate "1982.10.09"]

1. f4 e5 2. fxe5 d6 3. exd6 Bxd6 4. Nf3 g5 5. g3 g4 6. Nh4 Ne7 7. d3 Ng6 8. Ng2
h5 9. Nf4 Nxf4 10. Bxf4 Bxf4 11. gxf4 Qh4+ 12. Kd2 g3 13. e3 Bg4 14. Qe1 Bf3
15. Be2 Bxh1 16. Qxh1 Qxh2 17. Qxb7 g2 18. Nc3 g1=Q 19. Rxg1 Qxg1 20. Qc8+ Ke7
21. Qxh8 Qh1 22. Qxh5 Qxh5 23. Bxh5 Na6 24. Nd5+ Ke6 25. b4 c6 26. b5 cxb5 27.
e4 f5 28. Ke3 fxe4 29. dxe4 Rd8 30. Bg4+ Kd6 31. Kd4 Nc5 32. Nb4 Na4 33. e5+
Kc7+ 34. Ke3 a5 35. Nd3 Nc3 36. Be6 Re8 37. f5 Rxe6 38. fxe6 Nxa2 39. Kd4 a4
40. Kc5 a3 41. c4 b4 42. e7 Kd7 43. Kb6 Kxe7 44. Nc5 Nc1 0-1

[Event "Region V Open"]
[Site "Kalamazoo, Mich."]
[Date "1982.10.09"]
[Round "2"]
[White "Moody, David"]
[Black "Jarosz, Stan"]
[Result "1-0"]
[WhiteElo "2085"]
[BlackElo "1824"]
[PlyCount "55"]
[EventDate "1982.10.09"]

1. e4 e6 2. d3 d5 3. Nd2 Nf6 4. g3 c5 5. Bg2 Nc6 6. Ngf3 Be7 7. O-O O-O 8. Re1
b5 9. e5 Nd7 10. Nf1 a5 11. h4 Ba6 12. N1h2 Rc8 13. Bg5 d4 14. Ng4 Re8 15. Bxe7
Qxe7 16. Ng5 Red8 17. Be4 h6 18. Bxc6 hxg5 19. Bxd7 Rxd7 20. h5 f5 21. exf6
gxf6 22. Qe2 Rd6 23. Nh6+ Kh7 24. Nf5 Qd7 25. Nxd6 Qxd6 26. Qxe6 Rd8 27. Qf7+
Kh8 28. Re7 1-0

[Event "Region V Open"]
[Site "Kalamazoo, Mich."]
[Date "1982.10.09"]
[Round "3"]
[White "Czuhai, Kevin"]
[Black "Moody, David"]
[Result "1-0"]
[WhiteElo "2229"]
[BlackElo "2085"]
[PlyCount "51"]
[EventDate "1982.10.09"]

1. d4 e6 2. e4 d5 3. e5 c5 4. c3 Nc6 5. Nf3 Bd7 6. dxc5 Bxc5 7. Bd3 Qc7 8. Qe2
Nge7 9. b4 Bb6 10. O-O Ng6 11. Re1 Rc8 12. Na3 a6 13. h4 h5 14. b5 Na5 15. bxa6
Qxc3 16. axb7 Nxb7 17. Rb1 Qa5 18. Nb5 O-O 19. Bd2 Qa8 20. Ng5 Bxb5 21. Qxh5
Rfd8 22. Rxb5 Qxa2 23. Qh7+ Kf8 24. Bb4+ Bc5 25. Bxc5+ Rxc5 26. Rxb7 1-0

[Event "Region V Open"]
[Site "Kalamazoo, Mich."]
[Date "1982.10.10"]
[Round "5"]
[White "Moody, David"]
[Black "Willey, Mark"]
[Result "0-1"]
[WhiteElo "2085"]
[BlackElo "2033"]
[PlyCount "100"]
[EventDate "1982.10.09"]

1. e4 e6 2. d3 d5 3. Nd2 c5 4. g3 Nc6 5. Bg2 Bd6 6. exd5 exd5 7. Bxd5 Nge7 8.
Bg2 O-O 9. Ngf3 Bg4 10. c3 Qc7 11. Qc2 Rae8 12. O-O f5 13. Nc4 Ng6 14. Ng5 Nce5
15. Nxd6 Qxd6 16. Qb3+ Kh8 17. Bf4 h6 18. d4 cxd4 19. cxd4 Nxf4 20. dxe5 Ne2+
21. Kh1 Qg6 22. Nf3 Qb6 23. Qxb6 axb6 24. Rfe1 Bxf3 25. Bxf3 Nd4 26. Bxb7 Nc2
27. f4 Re7 28. Bd5 Rd8 29. Bb3 Nxa1 30. Rxa1 Rd2 31. e6 Kh7 32. Re1 Rxb2 33.
Re5 Kg6 34. Rb5 Rxe6 35. Bxe6 Rxb5 36. Bb3 Kf6 37. Kg2 Ke7 38. Kh3 g5 39. fxg5
hxg5 40. Kg2 Rb4 41. Kf3 Kf6 42. h3 Ke5 43. Ke3 f4+ 44. Kf3 Rd4 45. gxf4+ Rxf4+
46. Kg3 b5 47. Bg8 Kd4 48. Be6 Kc3 49. Bg4 Kb2 50. h4 Rxg4+ 0-1

[Event "Region V Open"]
[Site "Kalamazoo, Mich."]
[Date "1982.10.10"]
[Round "4"]
[White "Marfia, Jim"]
[Black "Moody, David"]
[Result "1/2-1/2"]
[WhiteElo "2184"]
[BlackElo "2085"]
[PlyCount "103"]
[EventDate "1982.10.09"]

1. e4 e5 2. Nf3 Nc6 3. Bb5 a6 4. Bxc6 dxc6 5. O-O Qd6 6. d3 Bg4 7. Nbd2 Qf6 8.
h3 Bh5 9. Nc4 Bd6 10. Nxd6+ cxd6 11. d4 Bxf3 12. dxe5 dxe5 13. Qxf3 Qxf3 14.
gxf3 O-O-O 15. f4 Nf6 16. f3 exf4 17. Bxf4 Nh5 18. Be3 Rhe8 19. Kf2 f5 20. exf5
Rf8 21. Rad1 Rxf5 22. Rxd8+ Kxd8 23. Rd1+ Kc7 24. Rd4 Nf6 25. c4 g5 26. Kg3 c5
27. Rd3 h5 28. Bd2 Kc6 29. h4 g4 30. Bf4 b5 31. fxg4 hxg4 32. cxb5+ axb5 33.
Bg5 c4 34. Ra3 Kc5 35. Bxf6 Rxf6 36. h5 b4 37. Ra5+ Kd4 38. Ra4 Kc5 39. Ra5+
Kd4 40. Rb5 Ra6 41. Rxb4 Rxa2 42. Kxg4 Ke5 43. Rb5+ Kf6 44. Kf4 Ra1 45. Rb6+
Kg7 46. h6+ Kh7 47. Ke4 Rd1 48. Rb4 Rd2 49. Ke3 Rc2 50. Rb6 Kg8 51. Kd4 Kh7 52.
Kc5 1/2-1/2

[Event "Futurity Kickoff"]
[Site "Ann Arbor, Mich."]
[Date "1982.10.16"]
[Round "2"]
[White "Moody, David"]
[Black "Kebrdle, Mike"]
[Result "1/2-1/2"]
[WhiteElo "2085"]
[BlackElo "1898"]
[PlyCount "106"]
[EventDate "1982.10.16"]

1. b4 d5 2. Bb2 Qd6 3. Nc3 Nf6 4. Nb5 Qb6 5. e3 c6 6. Bd4 Qd8 7. Na3 e5 8. Bxe5
Bxb4 9. Bb2 Qe7 10. Qc1 O-O 11. c4 Ne4 12. Nf3 Bg4 13. Nc2 Ba5 14. Ncd4 Re8 15.
Nb3 Bb6 16. Be2 Nd7 17. O-O Bxf3 18. Bxf3 Ne5 19. Nd4 Nd3 20. Qc2 Nxb2 21. Qxb2
Bxd4 22. Qxd4 dxc4 23. Rfc1 c5 24. Qxc4 Nxd2 25. Qxc5 Nxf3+ 26. gxf3 Qxc5 27.
Rxc5 b6 28. Rc7 Rec8 29. Rac1 Rxc7 30. Rxc7 g6 31. Kg2 Kg7 32. Kg3 Kf6 33. h4
h5 34. Kf4 b5 35. Rb7 a6 36. Rb6+ Ke7 37. Kg5 Ra7 38. f4 Rc7 39. Rxa6 Rc5+ 40.
Kh6 Rc2 41. f5 gxf5 42. Kxh5 Rxf2 43. Kg5 f6+ 44. Kg6 f4 45. exf4 Rxf4 46. h5
Rg4+ 47. Kh7 b4 48. Ra7+ Kd6 49. h6 Rg2 50. Kh8 f5 51. h7 f4 52. Rg7 f3 53. Kg8
Rxg7+ 1/2-1/2

[Event "Futurity Kickoff"]
[Site "Ann Arbor, Mich."]
[Date "1982.10.16"]
[Round "1"]
[White "Moody, David"]
[Black "Baze, Lineas"]
[Result "0-1"]
[WhiteElo "2085"]
[BlackElo "1863"]
[PlyCount "106"]
[EventDate "1982.10.16"]

1. e4 c5 2. Nf3 e6 3. d3 Nc6 4. g3 Nge7 5. Bg2 d5 6. Nbd2 Bd7 7. O-O Qc7 8. Re1
O-O-O 9. c3 f6 10. a3 g5 11. Re2 h5 12. b4 Ng6 13. Bb2 Nce5 14. Nxe5 Nxe5 15.
exd5 exd5 16. c4 dxc4 17. Nxc4 Nxc4 18. dxc4 Bg4 19. Qc2 Bxe2 20. Bxf6 Bg7 21.
Qxe2 Rhe8 22. Bh3+ g4 23. Bxg4+ hxg4 24. Qxg4+ Rd7 25. Bxg7 Rg8 26. Re1 Qd8 27.
Re5 Rgxg7 28. Rxc5+ Kb8 29. Qf4+ Ka8 30. h4 Rgf7 31. Qg5 Qe8 32. Re5 Rfe7 33.
Rxe7 Rxe7 34. g4 Re1+ 35. Kh2 Re5 36. Qf6 Re6 37. Qf5 Re5 38. Qf6 Re4 39. Qf5
Rxc4 40. h5 Qg8 41. f4 Rc3 42. Kh1 Rc1+ 43. Kh2 Qa2+ 44. Kg3 Qxa3+ 45. Kh4 Qxb4
46. h6 Qe7+ 47. Kh5 Rh1+ 48. Kg6 Qd6+ 49. Kf7 Qc7+ 50. Kg6 Qc6+ 51. Kf7 Rxh6
52. g5 Qc7+ 53. Kg8 Rd6 0-1